000 00567nam a2200205Ia 4500
008 241004s9999 xx 000 0 und d
020 _a9781788732819
037 _aTextbook
040 _aARTS
_beng
_cARTS
041 _aeng
_2eng
084 _aR3xN30 R1
_qARTS
100 _aSalmon Peter Au.
_9724597
245 3 _aAn event, perhaps"a biography of Jacques Derrida
_cSalmon Peter Au.
260 _aUK
_b Verso
_c2021
300 _a312p.
365 _aUKP
_b9.99
650 _aPhilosophy
942 _cTB
_hR3xN30 R1
999 _c1218737
_d1218737